<?xml version="1.0" encoding="UTF-8"?>
<marc:record xmlns:marc="http://www.loc.gov/MARC21/slim">
   <marc:leader>00000nam a2200000 a 4500</marc:leader>
   <marc:datafield ind1="1" ind2=" " tag="100">
      <marc:subfield code="a">Werlen, Martin</marc:subfield>
      <marc:subfield code="4">aut</marc:subfield>
      <marc:subfield code="e">Verfasser/-in</marc:subfield>
   </marc:datafield>
   <marc:datafield ind1="0" ind2="0" tag="245">
      <marc:subfield code="a">Baustellen der Hoffnung</marc:subfield>
   </marc:datafield>
   <marc:datafield ind1="0" ind2="0" tag="245">
      <marc:subfield code="b">Eine Ermutigung, das Leben anzupacken</marc:subfield>
   </marc:datafield>
   <marc:datafield ind1="0" ind2="0" tag="245">
      <marc:subfield code="c">Werlen, Martin</marc:subfield>
   </marc:datafield>
   <marc:datafield ind1=" " ind2="1" tag="264">
      <marc:subfield code="a">Freiburg</marc:subfield>
      <marc:subfield code="b">Verlag Herder</marc:subfield>
      <marc:subfield code="c">2024</marc:subfield>
   </marc:datafield>
   <marc:datafield ind1="1" ind2=" " tag="520">
      <marc:subfield code="a">Überall sind Baustellen: in der Wirtschaft, in der Politik, in der Gesellschaft, in den Betrieben, in den Familien, im eigenen Leben. Sie haben keinen guten Ruf. Könnte das nicht auch anders sein?&#xD;
&#xD;
Dank einer großen Baustelle entdeckt Martin Werlen, Altabt von Einsiedeln und Propst von St. Gerold, die verschiedenen Baustellen, in denen er selbst lebt, ganz anders – besonders auch die Baustelle Kirche. Er fordert Leserinnen und Leser heraus, sich den eigenen Baustellen, drinnen und draußen, zu stellen und in ihnen kreativ zu werden, ganz konkret. Impulstexte, die zur Umsetzung herausfordern. Meditativ und praktisch: Ein Buch, das unsere Zeit dringend braucht! </marc:subfield>
   </marc:datafield>
   <marc:datafield ind1=" " ind2=" " tag="020">
      <marc:subfield code="a">9783451395918</marc:subfield>
      <marc:subfield code="9">9783451395918</marc:subfield>
   </marc:datafield>
   <marc:datafield ind1=" " ind2=" " tag="020">
      <marc:subfield code="a">3451395916</marc:subfield>
      <marc:subfield code="9">3451395916</marc:subfield>
   </marc:datafield>
   <marc:datafield ind1=" " ind2=" " tag="041">
      <marc:subfield code="a">ger</marc:subfield>
   </marc:datafield>
   <marc:datafield ind1=" " ind2=" " tag="300">
      <marc:subfield code="a">208 Seiten</marc:subfield>
   </marc:datafield>
</marc:record>
